Arica en el tiempo: Reseña fotográfica.
Gardado en:
| Autor Principal: | |
|---|---|
| Outros autores: | , , |
| Formato: | Libro |
| Idioma: | Lingua castelá |
| Publicado: |
Arica, Chile:
Universidad de Chile- Sede Arica,
1980.
|
| Subjects: | |
| Tags: |
Engadir etiqueta
Sen Etiquetas, Sexa o primeiro en etiquetar este rexistro!
|
MARC
| LEADER | 00000cam a2200000 a 4500 | ||
|---|---|---|---|
| 001 | UCX3411 | ||
| 003 | CL-VaPUC | ||
| 005 | 20241021165718.0 | ||
| 008 | 911104e19800000CL |||||||||||||||||spa|d | ||
| 999 | |c 224180 |d 224178 | ||
| 040 | |c Pontificia Universidad Católica de Valparaíso | ||
| 082 | 0 | 4 | |a 983.123 ALV 1980 |2 21 |
| 100 | 0 | |a Alvarez Miranda, Luis |e autor |9 319582 | |
| 245 | 1 | 0 | |a Arica en el tiempo: |b Reseña fotográfica. |
| 260 | |a Arica, Chile: |b Universidad de Chile- Sede Arica, |c 1980. | ||
| 300 | |a 152 páginas; fotografías. | ||
| 500 | |a c.2 Donación profesor Sr. Eduardo Cavieres. 05-08-2019 | ||
| 583 | |a last modification |c 20190809 09:41:57 |k Rodrigo Vera | ||
| 650 | 0 | |a Historia de Arica |2 CL-VaPUC |9 319586 |x Fotografías |z Chile | |
| 650 | 0 | |a Obras ilustradas |x Fotografías |z Arica |z Chile |9 265022 | |
| 700 | 0 | |a Chacón Cáceres, Sergio |e autor |9 319583 | |
| 700 | 0 | |a Dauelsberg Hahmann, Percy |e autor |9 319584 | |
| 700 | 0 | |a Franulic Crooker, Daniça |e autor |9 319585 | |
| 852 | |a BIBCUR | ||
| 942 | |c BK |2 ddc | ||
| 945 | |d 19911104 00:00:00 | ||
| 952 | |0 0 |1 0 |2 ddc |4 0 |6 983_123000000000000_ALV_1980 |7 0 |8 A |9 220644 |a BIBHIS |b BIBHIS |d 2019-11-15 |i 2893746 |o 983.123 ALV 1980 |p 2893746 |r 2025-01-20 |t 1 |w 2019-11-15 |y BK |k HIS | ||
| 952 | |0 0 |1 0 |2 ddc |3 erd |4 0 |6 983_123000000000000_ALV_1980 |7 0 |8 X |9 220645 |a FDOBUD |b FDOBUD |i 559460K |o 983.123 ALV 1980 |p 559460K |r 2019-11-15 |t 2 |w 2019-11-15 |y BK_X |z Catalogado en:20190809 |k BUD | ||